00490nam a2200157Ia 4500003000400000008004100004040001600045082001800061100001800079245010300097260004200200300001000242650002700252650002100279650003200300GCL140319s9999 xx 000 0 eng d aGCL / cGCL04a320.9496bX D1 aXHUDO, GAZMEN10aDIPLOMACY AND CRISIS MANAGEMENT IN THE BULKANS: A U.S FOREIGN POLICY PERSPECTIVE / cXHUDO, GAZMEN a[S.N] : bST. MARTINS PRESS ، c1996 a207 P04aBOSNIA AND HERCEGOVINA04aBALKAN PENINSULA04aALBANIA - FOREIGN RELATIONS